Les 24 Pays les plus visités au monde (2024) - Statistiques

Statistiques générales
  • Ce quiz a été pris 305 fois
  • Le résultat moyen est 17 sur 24
Statistiques - réponses
Hint Réponse % Correct
100 millions France
100%
93,7 millions Espagne
99%
72,4 millions États-Unis
99%
35 millions Chine
97%
36,7 millions Japon
94%
57,8 millions Italie
92%
19,9 millions Canada
90%
37,5 millions Allemagne
89%
45 millions Mexique
88%
19,4 millions Portugal
85%
40 millions Royaume-Uni
85%
17,4 millions Maroc
82%
16,4 millions Corée du Sud
74%
50,9 millions Turquie
72%
35,9 millions Grèce
70%
35,5 millions Thaïlande
70%
21,3 millions Pays-Bas
58%
19 millions Pologne
51%
17,6 millions Vietnam
47%
29,7 millions Arabie Saoudite
45%
32,2 millions Autriche
44%
30 millions Émirats Arabes Unis
44%
17,4 millions Croatie
38%
25 millions Malaisie
36%
Aucun quiz correspondant
Distribution des résultats
% des personnes avec chaque résultat
Percentile par nombre de réponses
Votre historique - résultats
Vous n’avez pas pris ce quiz